25 questions & answers on health & human rights
Furkejuvvon:
| Searvvušdahkki: | |
|---|---|
| Materiálatiipa: | Elektrovnnalaš E-girji |
| Giella: | eaŋgalasgiella |
| Almmustuhtton: |
Geneva, Switzerland :
World Health Organization,
c2002.
|
| Ráidu: | Health & human rights publication series ;
issue no. 1. |
| Fáttát: | |
| Liŋkkat: | An electronic book accessible through the World Wide Web; click to view |
| Fáddágilkorat: |
Eai fáddágilkorat, Lasit vuosttaš fáddágilkora!
|
MARC
| LEADER | 00000nam a2200000Ia 4500 | ||
|---|---|---|---|
| 001 | 0000068781 | ||
| 005 | 20171002053401.0 | ||
| 006 | m u | ||
| 007 | cr cn||||||||| | ||
| 008 | 021028s2002 sz a s 000 0 eng d | ||
| 020 | |z 9241545690 | ||
| 035 | |a (CaPaEBR)ebr10040307 | ||
| 035 | |a (OCoLC)559598465 | ||
| 040 | |a CaPaEBR |c CaPaEBR | ||
| 050 | 1 | 4 | |a RA427.25 |b .A15 2002eb |
| 245 | 0 | 0 | |a 25 questions & answers on health & human rights |h [electronic resource]. |
| 246 | 3 | |a Twenty-five questions and answers on health and human rights | |
| 260 | |a Geneva, Switzerland : |b World Health Organization, |c c2002. | ||
| 300 | |a 33 p. : |b ill. (chiefly col.). | ||
| 490 | 1 | |a Health & human rights publication series, |x 1684-1700 ; |v issue no. 1 | |
| 500 | |a "July 2002." | ||
| 533 | |a Electronic reproduction. |b Palo Alto, Calif. : |c ebrary, |d 2011. |n Available via World Wide Web. |n Access may be limited to ebrary affiliated libraries. | ||
| 650 | 0 | |a Human rights. | |
| 650 | 0 | |a Public health. | |
| 655 | 7 | |a Electronic books. |2 local | |
| 710 | 2 | |a ebrary, Inc. | |
| 830 | 0 | |a Health & human rights publication series ; |v issue no. 1. | |
| 856 | 4 | 0 | |u http://site.ebrary.com/lib/daystar/Doc?id=10040307 |z An electronic book accessible through the World Wide Web; click to view |
| 908 | |a 170314 | ||
| 942 | 0 | 0 | |c EB |
| 999 | |c 57939 |d 57939 | ||